000 00509nam a2200205Ia 4500
003 OSt
005 20140320110151.0
008 140130s9999 xx 000 0 und d
020 _a0439796075
050 _aPZ 7
_b.N964Be 2005
100 _aNumeroff, Laura
245 _cLaura Numeroff
_aBeatrice doesn't want to /
260 _bScholastic,
_c2005.
_aCambridge, Mass :
300 _a28 p. :
_bcol. ill. ;
_c27 cm.
440 _v1
521 _aBR
526 _c140
942 _cBK
_2lcc
999 _c39858
_d39858